000 00430nam a2200157Ia 4500
003 GCL
008 140319s9999 xx 000 0 ara d
040 _aGCL /
_cGCL
082 0 4 _a813.01
_bا ا
100 1 _aابراهيم عبدالحليم
245 1 0 _aازمة كاتب - قصص قصيرة /
_cابراهيم عبدالحليم
300 _a146 ص
490 _a
650 0 4 _aالقصص القصيرة
942 _2ddc
_cBK
999 _c38245
_d38245